Administrative systems mangement /
Spremljeno u:
| Glavni autor: | |
|---|---|
| Daljnji autori: | |
| Format: | Sách giấy |
| Jezik: | English |
| Izdano: |
Belmont, California :
Wadsworth Pub. Co.,
1968.
|
| Oznake: |
Dodaj oznaku
Bez oznaka, Budi prvi tko označuje ovaj zapis!
|
| Thư viện lưu trữ: | Thư viện Trường Đại học Đà Lạt |
|---|
| LEADER | 00678nam a2200277 4500 | ||
|---|---|---|---|
| 001 | DLU100113485 | ||
| 005 | ##20101124 | ||
| 040 | # | # | |a DLU |b vie |
| 041 | # | # | |a eng |
| 044 | # | # | |a us |
| 082 | # | # | |a 658.4 |b PE-L |
| 100 | # | # | |a Pemberton, LeRoy A. |
| 245 | # | # | |a Administrative systems mangement / |c LeRoy A. Pemberton, E. Dana Gibson. |
| 260 | # | # | |a Belmont, California : |b Wadsworth Pub. Co., |c 1968. |
| 300 | # | # | |a 322 p. ; |c 24 cm. |
| 700 | # | # | |a Gibson, E. Dana. |
| 923 | # | # | |a 100/2010 |
| 992 | # | # | |a 0 |
| 994 | # | # | |a DLU |
| 900 | # | # | |a True |
| 911 | # | # | |a Lý Thị Hồng Hạnh |
| 925 | # | # | |a G |
| 926 | # | # | |a A |
| 927 | # | # | |a SH |
| 980 | # | # | |a Thư viện Trường Đại học Đà Lạt |